One Piece-Tous les utilisateurs de Zoan Antique - Statistiques

Statistiques générales
  • Ce quiz a été pris 155 fois
  • Le résultat moyen est 8 sur 9
Statistiques - réponses
Utilisateur % Correct
King
93%
Queen
93%
Ulti
92%
X-Drake
89%
Jack
88%
Page One
88%
Black Maria
83%
Who's Who
82%
Sasaki
78%
Aucun quiz correspondant
Distribution des résultats
% des personnes avec chaque résultat
Percentile par nombre de réponses
Votre historique - résultats
Vous n’avez pas pris ce quiz